00318nam a2200121Ia 4500008004100000100001600041245003600057260004500093300000900138650002400147942000800171999001700179190216s9999||||xx |||||||||||||| ||und|| aDhilllon R 0aBank Probationary Officers Exam b"Dhillian Publications, New Delhi"c1985 a413p aBanking Occupations cREF c35559d35559